000 00453pab a2200157 454500
008 180718b2017 xxu||||| |||| 00| 0 eng d
100 _aMuhammad Ahsan Rana
245 _aPerfect Strangers: The State and NGOs in Pakistan
260 _c2017
300 _ap.93-100.
362 _a21 Jan
650 _aNongovernmental organizations - Pakistan
650 _aNongovernmental organizations
773 _aEconomic and Political Weekly
909 _a113559
999 _c113553
_d113553